Die Schule im Netzwerk der Sozialkontrolle: lokale Strukturen und Strategien
| Main Author: | |
|---|---|
| Format: | Print Book |
| Language: | German |
| Published: |
München
Juventa Verlag
[1979]
|
| In: |
Juventa-Materialien (41)
Year: 1979 |
| Availability in Tübingen: | Present in Tübingen. IFK: N XIII 170 |
| Check availability: | HBZ Gateway |
| Subito Delivery Service: | Order now. |
| Keywords: |
MARC
| LEADER | 00000cam a2200000 c 4500 | ||
|---|---|---|---|
| 001 | 02329258X | ||
| 003 | DE-627 | ||
| 005 | 20260206194739.0 | ||
| 007 | tu | ||
| 008 | 710101s1979 gw ||||| 00| ||ger c | ||
| 015 | |a 79,N16,0118 |2 dnb | ||
| 015 | |a 79,A31,0558 |2 dnb | ||
| 016 | 7 | |a 790772132 |2 DE-101 | |
| 020 | |a 3779906414 |c Broschur : DM 18.80 |9 3-7799-0641-4 | ||
| 035 | |a (DE-627)02329258X | ||
| 035 | |a (DE-603)03461057X | ||
| 035 | |a (DE-576)007162715 | ||
| 035 | |a (DE-599)GBV02329258X | ||
| 035 | |a (OCoLC)05404584 | ||
| 035 | |a (DE-604)8022972692 | ||
| 040 | |a DE-627 |b ger |c DE-627 |e rda | ||
| 041 | |a ger | ||
| 044 | |c XA-DE-BY | ||
| 082 | 0 | |a 371.50943 BES |q OCLC | |
| 084 | |a 10a |a 05b |2 sdnb | ||
| 084 | |a DU 2500 |2 rvk |0 (DE-625)rvk/20044:761 | ||
| 084 | |a PN 865 |2 rvk |0 (DE-625)rvk/137789: | ||
| 084 | |a DK 1010 |2 rvk |0 (DE-625)rvk/19600:761 | ||
| 084 | |a MS 7000 |2 rvk |0 (DE-625)rvk/123776: | ||
| 084 | |a DO 1000 |2 rvk |0 (DE-625)rvk/19748:761 | ||
| 084 | |a 71.44 |2 bkl | ||
| 090 | |a a | ||
| 100 | 1 | |a Best, Peter |e VerfasserIn |0 (DE-588)1051997070 |0 (DE-627)787353973 |0 (DE-576)405494653 |4 aut | |
| 109 | |a Best, Peter |a Best, P. | ||
| 245 | 1 | 4 | |a Die Schule im Netzwerk der Sozialkontrolle |b lokale Strukturen und Strategien |c Peter Best |
| 264 | 1 | |a München |b Juventa Verlag |c [1979] | |
| 264 | 4 | |c © 1979 | |
| 300 | |a 184 Seiten |b Diagramme, Karte |c 23 cm | ||
| 336 | |a Text |b txt |2 rdacontent | ||
| 337 | |a ohne Hilfsmittel zu benutzen |b n |2 rdamedia | ||
| 338 | |a Band |b nc |2 rdacarrier | ||
| 490 | 1 | |a Juventa-Materialien |v 41 | |
| 500 | |a Literaturverzeichnis: Seite 177-184 | ||
| 505 | 8 | |a Literaturverz. S. 177 - 184 | |
| 505 | 8 | |a Literaturverz. S. 177 - 184 | |
| 650 | 0 | 7 | |0 (DE-588)4055903-8 |0 (DE-627)106156454 |0 (DE-576)209115866 |a Sozialverhalten |2 gnd |
| 650 | 0 | 7 | |0 (DE-588)4053369-4 |0 (DE-627)106167367 |0 (DE-576)20910354X |a Schüler |2 gnd |
| 650 | 0 | 7 | |0 (DE-588)4055719-4 |0 (DE-627)106157027 |0 (DE-576)209115106 |a Soziale Kontrolle |2 gnd |
| 650 | 0 | 7 | |0 (DE-588)4030550-8 |0 (DE-627)104360100 |0 (DE-576)208988165 |a Kind |2 gnd |
| 650 | 0 | 7 | |0 (DE-588)4053474-1 |0 (DE-627)104409630 |0 (DE-576)209103981 |a Schule |2 gnd |
| 650 | 0 | 7 | |0 (DE-588)4062872-3 |0 (DE-627)106129902 |0 (DE-576)209146427 |a Verhaltensstörung |2 gnd |
| 650 | 0 | 7 | |0 (DE-588)4058125-1 |0 (DE-627)104377143 |0 (DE-576)209124997 |a Struktur |2 gnd |
| 650 | 0 | 7 | |0 (DE-588)4032312-2 |0 (DE-627)106262262 |0 (DE-576)208996370 |a Kontrolle |2 gnd |
| 650 | 4 | |a Staat | |
| 650 | 4 | |a Schulorganisation | |
| 650 | 4 | |a Soziale Kontrolle | |
| 650 | 4 | |a Soziales Handeln | |
| 650 | 4 | |a Feldforschung | |
| 689 | 0 | 0 | |d s |0 (DE-588)4053474-1 |0 (DE-627)104409630 |0 (DE-576)209103981 |a Schule |2 gnd |
| 689 | 0 | 1 | |d s |0 (DE-588)4055719-4 |0 (DE-627)106157027 |0 (DE-576)209115106 |a Soziale Kontrolle |2 gnd |
| 689 | 0 | |5 (DE-627) | |
| 689 | 1 | 0 | |d s |0 (DE-588)4030550-8 |0 (DE-627)104360100 |0 (DE-576)208988165 |a Kind |2 gnd |
| 689 | 1 | 1 | |d s |0 (DE-588)4062872-3 |0 (DE-627)106129902 |0 (DE-576)209146427 |a Verhaltensstörung |2 gnd |
| 689 | 1 | |5 (DE-627) | |
| 689 | 2 | 0 | |d s |0 (DE-588)4053369-4 |0 (DE-627)106167367 |0 (DE-576)20910354X |a Schüler |2 gnd |
| 689 | 2 | 1 | |d s |0 (DE-588)4055903-8 |0 (DE-627)106156454 |0 (DE-576)209115866 |a Sozialverhalten |2 gnd |
| 689 | 2 | 2 | |d s |0 (DE-588)4032312-2 |0 (DE-627)106262262 |0 (DE-576)208996370 |a Kontrolle |2 gnd |
| 689 | 2 | |5 (DE-627) | |
| 689 | 3 | 0 | |d s |0 (DE-588)4058125-1 |0 (DE-627)104377143 |0 (DE-576)209124997 |a Struktur |2 gnd |
| 689 | 3 | |5 (DE-627) | |
| 830 | 0 | |a Juventa-Materialien |v 41 |9 41 |w (DE-627)129296031 |w (DE-576)020351739 |w (DE-600)121205-9 |7 am | |
| 935 | |i sf | ||
| 935 | |i Blocktest | ||
| 935 | |h HEB |i 0501 | ||
| 935 | |h HEB |i 0503 | ||
| 936 | r | v | |a DU 2500 |b Allgemeines und Deutschland |k Pädagogik |k Pädagogische Soziologie |k Soziologie der Schule und der Schulklasse, Schule und Gesellschaft |k Allgemeines und Deutschland |0 (DE-627)1270726838 |0 (DE-625)rvk/20044:761 |0 (DE-576)200726838 |
| 936 | r | v | |a PN 865 |b Einzeldarstellungen (soweit nicht regional bezogen) |k Rechtswissenschaft |k Verwaltungswissenschaften und Verwaltungsrecht |k Besonderes Verwaltungsrecht |k Schulrecht |k Allgemeines |k Einzeldarstellungen (soweit nicht regional bezogen) |0 (DE-627)1271549751 |0 (DE-625)rvk/137789: |0 (DE-576)201549751 |
| 936 | r | v | |a DK 1010 |b Allgemeines und Deutschland |k Pädagogik |k Schulpädagogik |k Schultheorie, Schulkritik |k Allgemeines und Deutschland |0 (DE-627)1270725084 |0 (DE-625)rvk/19600:761 |0 (DE-576)200725084 |
| 936 | r | v | |a MS 7000 |b Allgemeines |k Soziologie |k Spezielle Soziologien |k Pädagogische Soziologie |k Allgemeines |0 (DE-627)1271365928 |0 (DE-625)rvk/123776: |0 (DE-576)201365928 |
| 936 | r | v | |a DO 1000 |b Allgemeines und Deutschland |k Pädagogik |k Spezialfragen des gesamten Schulsystems |k Allgemeines |k Allgemeines und Deutschland |0 (DE-627)1270782924 |0 (DE-625)rvk/19748:761 |0 (DE-576)200782924 |
| 936 | b | k | |a 71.44 |j Gruppenprozesse |x Soziologie |0 (DE-627)106412590 |
| 936 | s | n | |a d100 |2 mzub |
| 936 | s | n | |a p100 |2 mzub |
| 936 | s | n | |a m200 |2 mzub |
| 951 | |a BO | ||
| ELC | |b 1 | ||
| LOK | |0 000 xxxxxcx a22 zn 4500 | ||
| LOK | |0 001 3142211861 | ||
| LOK | |0 003 DE-627 | ||
| LOK | |0 004 02329258X | ||
| LOK | |0 005 20141125160456 | ||
| LOK | |0 008 930222||||||||||||||||ger||||||| | ||
| LOK | |0 040 |a DE-21-110 |c DE-627 |d DE-21-110 | ||
| LOK | |0 689 |a s |a Schule | ||
| LOK | |0 852 |a DE-21-110 | ||
| LOK | |0 852 1 |c N XIII 170 |m p |9 00 | ||
| LOK | |0 935 |a k110 | ||
| LOK | |0 936ln |a 8.7.8 | ||
| LOK | |0 938 |k p | ||
| LOK | |0 939 |a 22-02-93 |b l01 | ||
| ORI | |a SA-MARC-krimdoka001.raw | ||
| SIG | |a IFK: N XIII 170 | ||
